000 00250nam a2200097Ia 4500
001 680225
005 20250826161337.0
008 250824s9999 xx 000 0 und d
245 0 _aMİNİK EJDERHA
_cPHİLİPPA GREGORY
260 _bGÜNIŞIĞI KİTAPLIĞI
999 _c680225
_d680225